|
|
|
|
| LEADER |
00000nam a2200000 a 4500 |
| 001 |
vtls008204910 |
| 003 |
SK-MaSNL |
| 005 |
20260302074101.0 |
| 008 |
240315s1993 xo 000 0 slo |
| 020 |
|
|
|a 8071210420
|
| 035 |
|
|
|a SVKPOKN016389
|
| 035 |
|
|
|a urn:nbn:sk:snk-amljse
|
| 035 |
|
|
|a urn:nbn:sk:snk-am00bor5
|
| 035 |
|
|
|a 03DF609B-FE23-45BC-B11C-F75879593140
|
| 040 |
|
|
|a SNK
|b slo
|c SNK
|e AACR2
|
| 041 |
0 |
|
|a slo
|h slo
|
| 044 |
|
|
|a xo
|c SK
|
| 080 |
|
|
|a 016:394.3(437.6)"1946-1990"
|2 1981
|
| 080 |
|
|
|a 016:398.54(437.6)"1946-1990"
|2 1981
|
| 080 |
|
|
|a 016:394.24(437.6)"1946-1990"
|2 1981
|
| 100 |
1 |
|
|a Ondrejka, Kliment
|4 aut
|9 275643
|
| 245 |
1 |
0 |
|a Tanečná, hrová a zábavová bibliografia. Dl. III
|c Kliment Ondrejka
|
| 250 |
|
|
|a 1.
|
| 260 |
|
|
|a Bratislava
|b NOC
|c 1993
|
| 300 |
|
|
|a 224 str.
|
| 490 |
1 |
|
|a Záujmová umelecká činnosť
|
| 650 |
0 |
7 |
|a tanec - hry - zábavy - bibliografie
|2 SNK
|9 370773
|
| 655 |
|
7 |
|a neperiodické bibliografie
|2 svkpo
|9 60408
|
| 919 |
|
|
|a 80-7121-042-0
|
| 999 |
|
|
|c 1163635
|d 1165565
|
| 952 |
|
|
|t P60, <04>, [BOOK], {604}
|a SNK
|b SNK
|y VYP
|7 0
|p 17A0146693
|o snkSB 49648/3 D1
|0 0
|1 0
|4 0
|d 1998-07-03
|l 0
|r 2005-01-01 00:00:00
|w 2026-02-24
|
| 952 |
|
|
|t P60, <03>, [BOOK], {603}
|a SNK
|b SNK
|y PREZ
|7 0
|p 17A0172977
|o snkSB 49648/3
|0 0
|1 0
|4 0
|d 1998-12-08
|f 1
|l 0
|r 2025-03-05 00:00:00
|w 2026-02-24
|